书目信息 |
| 题名: |
广州十三行
|
|
| 作者: | 谭元亨, 著 | |
| 分册: | ||
| 出版信息: | 广州 广东经济出版社 2015.03 |
|
| 页数: | 10, 192页, 4页图版 | |
| 开本: | 24cm | |
| 丛书名: | 海上丝绸之路研究书系 | |
| 单 册: | ||
| 中图分类: | F752.949 | |
| 科图分类: | ||
| 主题词: | 十三行--shi san xing--研究--广州--明清时期 | |
| 电子资源: | ||
| ISBN: | 978-7-5454-3802-4 | |
| 000 | 01184nam 2200289 450 | |
| 001 | 0100195247 | |
| 005 | 20201117143552.38 | |
| 010 | @a978-7-5454-3802-4@dCNY38.00 | |
| 100 | @a20150416d2015 em y0chiy50 ea | |
| 101 | 0 | @achi |
| 102 | @aCN@b440000 | |
| 105 | @aacf z 000yy | |
| 106 | @ar | |
| 200 | 1 | @a广州十三行@Aguang zhou shi san xing@e明清300年艰难曲折的外贸之路@f谭元亨著@Ftan yuan heng zhu |
| 210 | @a广州@c广东经济出版社@d2015.03 | |
| 215 | @a10, 192页, 4页图版@c图, 肖像@d24cm | |
| 225 | 2 | @a海上丝绸之路研究书系@Ahai shang si chou zhi lu yan jiu shu xi@i星座篇@v3 |
| 330 | @a本书主要内容包括: 第一个转折 最早的一年两季的“广交会” ; 第二个转折 康熙“开海”: 十三行凤凰涅槃 ; 第三个转折 老人政治: “南洋禁航令” ; 第四个转折 雍正“开洋” 十三行千帆竟出等。 | |
| 410 | 0 | @12001 @a海上丝绸之路研究书系@i星座篇@v3 |
| 517 | 1 | @a明清300年艰难曲折的外贸之路@Aming qing 300 nian jian nan qu zhe de wai mao zhi lu |
| 540 | @a广州十三行 | |
| 606 | 0 | @a十三行@Ashi san xing@x研究@y广州@z明清时期 |
| 690 | @aF752.949@v5 | |
| 701 | 0 | @a谭元亨,@Atan yuan heng@f1948-@4著 |
| 801 | @aCN | |
| 901 | @a19 | |
| 905 | @a河南城建学院图书馆@b1274640-2@dF752.949@eT142@f3 | |
| 广州十三行:明清300年艰难曲折的外贸之路/谭元亨著.-广州:广东经济出版社,2015.03 |
| 10, 192页, 4页图版:图, 肖像;24cm.-(海上丝绸之路研究书系.星座篇;3) |
| ISBN 978-7-5454-3802-4:CNY38.00 |
| 本书主要内容包括: 第一个转折 最早的一年两季的“广交会” ; 第二个转折 康熙“开海”: 十三行凤凰涅槃 ; 第三个转折 老人政治: “南洋禁航令” ; 第四个转折 雍正“开洋” 十三行千帆竟出等。 |
| ● |
| 相关链接 |
|
|
|
正题名:广州十三行
索取号:F752.949/T142
 
预约/预借
| 序号 | 登录号 | 条形码 | 馆藏地/架位号 | 状态 | 备注 |
| 1 | 1274640 | 212746406 | 社科库409/409社科库 48排7列2层/ [索取号:F752.949/T142] | 在馆 | |
| 2 | 1274641 | 212746413 | 社科库409/409社科库 48排7列2层/ [索取号:F752.949/T142] | 在馆 | |
| 3 | 1274642 | 212746420 | 社科二线422/409社科库 48排7列2层/ [索取号:F752.949/T142] | 在馆 |